00537cam a22002057a 4500003000500000005001700005008004100022010001000063011001000073020001500083035001100098040000900109082001400118100002200132245005600154250001100210260005200221300003100273650002700304CHAP20220329143008.0050606d2003 uk a r 00110 eng d a90427 a91399 a0632058293 a101957 cCHAP04a630.2bS600aSoffe, Richard J.14aThe agricultural notebookc/ed. by Richard J. Soffe a20 ed. aOsney Mead, Oxford :bBlackwell Science,c2003. a744 p. :bilus. ; gráfs.14aAgriculturaxManuales.